Представление документа в формате RUSMARC

ПолеНазваниеЗначение
  Тип записи a
  Библиографический уровень m
001 Контрольный номер RU/CBS_UL/BASE/598370414
005 Дата корректировки 20240209174858.5
010 Индекс ISBN __
a ISBN
b Уточнения в пер.
d Цена 20 р. 00 к.
9 Тираж экз.
100 Данные общей обработки __
a Данные общей обработки 20170814d2017 ||| 0rusy0189 ca
101 Язык документа 0_
a Язык текста rus
102 Страна публикации __
a Страна публикации RU
105 Кодированные данные (монография) __
a Кодированные данные (монография) y###||||000|y
181 Поле кодированных данных: вид содержания _1
a Код вида содержания (ISBD) i#
b Код характеристики содержания (ISBD) #xxe##
d i
g x
h x
i e
2 Код системы (источник кода, отличный от ISBD) isbdcontent
182 Поле кодированных данных: тип средства _1
a Код типа средства (ISBD) n
2 Код системы (источник кода, отличный от ISBD) isbdmedia
200 Заглавие и сведения об ответственности 1_
a Заглавие Изучение творчества А. С. Пушкина в школе
b Общее обозначение материала Текст
e Сведения, относящиеся к заглавию на пути к А. С. Пушкину
e Сведения, относящиеся к заглавию пособие для учителя и учащихся
e Сведения, относящиеся к заглавию в 2 ч.
f Первые сведения об ответственности В. Г. Маранцман
h Номер части Ч. 2
w Текст (визуальный) : непосредственный
203 Вид содержания и тип средства __
a Вид содержания Текст
b Характеристика содержания визуальный
c Тип средства непосредственный
210 Выходные данные 1_
a Место издания Москва
c Издательство Владос
d Дата издания 1999
215 Физическое описание __
a Объем 320 с.
d Формат см.
225 Серия 0_
a Серия Библиотека учителя-словесника
300 Общие примечания __
a Общие примечания Ограничения по возрасту - 18+
300 Общие примечания __
a Общие примечания Под инв. номером 105445: 2-1, 4-1, 23-1
600 Персоналии _0
a Персоналии (Фамилия) Пушкин
b Персоналии (Имя, инициалы) А. С.
606 Тематические рубрики 0_
a Основная рубрика Пушкин, Александр Сергеевич (1799-1837)
610 Ключевые слова 0_
a Ключевые слова писатели русские
a Ключевые слова изучение творчества
a Ключевые слова творческое наследие
a Ключевые слова изучение в школе
a Ключевые слова анализ произведений школьной программы
686 Индексы других классификаций __
a Классификационный индекс 83.3(2Рос=Рус)1
2 Код системы ББК
700 Автор _1
a Фамилия Маранцман
b Имя (инициалы) Владимир Георгиевич
g Полное личное имя В. Г.
801 Источник записи _0
a Страна RU
b Организация МБУК ЦБС
c Дата составления 20170814
g Правила каталогизации RCR
801 Источник записи _1
a Страна RU
b Организация МБУК ЦБС г. Ульяновска
c Дата составления 20170814
g Правила каталогизации RCR
899 Данные о местонахождении __
i Авторский знак М 25
j Расстановочный фильтр 83.3(2Рос=Рус)1
901 Тип документа __
t Тип документа m
910 Корректоры записи __
a Корректор записи Плотникова